|
|
|
|
| LEADER |
00000nab a2200000 a 4500 |
| 001 |
vtls000143091 |
| 003 |
SK-MaSNL |
| 005 |
20260303202724.0 |
| 008 |
160204c1982 xo 0 slo |
| 015 |
|
|
|a SNBRA19rr/mm-uuuuu
|
| 035 |
|
|
|a CL0153198
|
| 040 |
|
|
|a SNKBUCL
|b slo
|c SNKBUCL
|e AACR2
|
| 041 |
0 |
|
|a slo
|
| 044 |
|
|
|a xo
|c SK
|
| 080 |
|
|
|a 633.11
|2 1981
|
| 080 |
|
|
|a 633.16
|2 1981
|
| 080 |
|
|
|a 631.43
|2 1981
|
| 100 |
1 |
|
|a Košík, J.
|4 aut
|9 953431
|
| 245 |
1 |
0 |
|a Obsah pôdnej vlhkosti pri opakovanom pestovaní pšenice ozimnej a jačmeňa jarného
|c J. Košík
|
| 300 |
|
|
|b Tb. 2. Graf 1. Res. angl., rus., lit. 10 zázn.
|
| 650 |
0 |
7 |
|a ozimná pšenica
|2 snkbucl
|9 28625
|
| 650 |
0 |
7 |
|a jarný jačmeň
|2 snkbucl
|9 71520
|
| 655 |
|
7 |
|a články zo zborníkov
|2 snkbucl
|9 166140
|
| 773 |
0 |
|
|t Vedecké práce Výskumného ústavu rastlinnej výroby v Piešťanoch 19. Obilniny a strukoviny
|d Bratislava : Príroda, 1982
|g S. 53-64
|
| 850 |
|
|
|a Slovenská národná knižnica v Martine
|a MTA001
|
| 852 |
|
|
|a SNK
|b KIS3GCP
|
| 958 |
|
|
|a NB
|
| 958 |
|
|
|a RK
|
| 992 |
|
|
|a RZB
|
| 999 |
|
|
|c 2181398
|d 2183328
|